000 01116nam a2200289 i 4500
001 bg
100 1 _aDRZEWIENIECKI, Włodzimierz Marian
_d(1914- )
245 1 0 _aAngielski szlif :
_bwspomnienie oficera sztabu 2. korpusu /
_cWłodzimierz Drzewieniecki.
260 _aBuffalo, N.Y. :
_bThe Polish Cultural Foundation ;
_aToruń :
_bBiblioteka Uniwersytecka,
_c2001.
300 _a124, [3] s., [24] s. tabl. (w tym kolor.) :
_bil. ;
_c22 cm.
500 _aStreszcz. ang.
504 _aIndeks.
600 1 9 _aDrzewieniecki, Włodzimierz Marian (1914- )
650 9 _aPamiętniki polskie
_y1939-1945 r.
650 9 _aWojna 1939-1945 r.
_xjednostki wojskowe
_zPolska
650 9 _aWojna 1939-1945 r.
_xudział Polaków
_zAfryka
650 9 _aWojna 1939-1945 r.
_xudział Polaków
_zWielka Brytania
650 9 _aWojna 1939-1945 r.
_xudział Polaków
_zWłochy
655 _aPamiętniki
020 _a8323113386
040 _cBPK
041 0 _apl
_ben
080 _a94(438).082.3:355.33/.34:355.48(410+450+6):929-051(438)A/Z
920 _a83-231-1338-6
942 _cKS
008 s pl f |000 0 pol
999 _c40409
_d40409
856 _uhttp://koha.tu.koszalin.pl/cgi-bin/koha/opac-detail.pl?biblionumber=40409
_yKatalog online BPK